|
|
|
|
| LEADER |
00000nam a2200000 4500 |
| 001 |
vtls012243747 |
| 003 |
SK-MaSNL |
| 005 |
20260301225243.0 |
| 008 |
231110t1884 hu r 00| 0 hun |
| 015 |
|
|
|a SNBHFA1884
|
| 040 |
|
|
|a SNKHF
|b slo
|c SNK
|e rda
|
| 041 |
|
|
|a fre
|
| 044 |
|
|
|a fr
|c FR
|
| 072 |
|
7 |
|a 82.0
|x Literatúra (teória)
|2 konspekt
|
| 080 |
|
|
|a 82(091)
|2 2011
|
| 100 |
1 |
|
|a Beöthy, Zsolt,
|d 1848-1922
|4 aut
|9 281300
|
| 245 |
1 |
0 |
|a A Magyar Nemzeti Irodalom Történeti Ismertetése.
|b Összeállította Beöthy Zsolt.
|n II. Kötet. Kisfaludy Károlytól Mostanig. Harmadik Javitott És Bővített Kiadás
|
| 264 |
|
3 |
|a Budapest
|b Az Athenaeum R. Társ. Kiadása
|c 1884
|
| 300 |
|
|
|a 387 strán
|c 21 cm
|
| 336 |
|
|
|a text
|b txt
|2 rdacontent
|
| 337 |
|
|
|a bez média
|b n
|2 rdamedia
|
| 338 |
|
|
|a zväzok
|b nc
|2 rdacarier
|
| 500 |
|
|
|a Ozdobné linky, kustódy
|
| 504 |
|
|
|a Tlačené vysvetlivky a komentáre pod textom
|
| 563 |
|
|
|a Väzba pôvodná, textilná.
|5 SNK IC 145750/2
|
| 650 |
0 |
7 |
|a literárna história
|2 SNKPH
|9 1136
|
| 710 |
2 |
|
|a Athenaeum R. Társ (Budapešť, Maďarsko)
|4 prt
|9 596001
|
| 752 |
|
|
|a Maďarsko
|d Budapešť
|
| 852 |
|
|
|a snk
|b Aponiovská knižnica
|p IC 145750/2
|
| 958 |
|
|
|a DF
|
| 958 |
|
|
|a ONDV
|
| 999 |
|
|
|c 950213
|d 952143
|
| 952 |
|
|
|t Op. III/38
|a SNK
|b SNK
|c SNK_HF
|y PREZ
|7 0
|p 17A1486773
|o snkIC 145750/2
|i snk2023/16277
|8 5
|0 0
|1 0
|4 0
|d 2023-11-10
|l 0
|r 2026-02-24 09:46:12
|w 2026-02-24
|